<?xml version="1.0" encoding="UTF-8"?>
<record
    xmlns:xsi="http://www.w3.org/2001/XMLSchema-instance"
    xsi:schemaLocation="http://www.loc.gov/MARC21/slim http://www.loc.gov/standards/marcxml/schema/MARC21slim.xsd"
    xmlns="http://www.loc.gov/MARC21/slim">

  <leader>01117nab a22002297a 4500</leader>
  <controlfield tag="005">20150724092825.0</controlfield>
  <controlfield tag="008">150724b2015    ck |||||r|||| 00|  0spa d</controlfield>
  <datafield tag="040" ind1=" " ind2=" ">
    <subfield code="a">CO-BoIAVH</subfield>
    <subfield code="c">CO-BoIAVH</subfield>
  </datafield>
  <datafield tag="041" ind1="0" ind2=" ">
    <subfield code="a">spa</subfield>
  </datafield>
  <datafield tag="044" ind1=" " ind2=" ">
    <subfield code="a">ck</subfield>
  </datafield>
  <datafield tag="100" ind1="1" ind2=" ">
    <subfield code="a">Garc&#xED;a Mar&#xED;n, Mar&#xED;a Eulalia</subfield>
    <subfield code="9">36258</subfield>
  </datafield>
  <datafield tag="245" ind1="1" ind2=" ">
    <subfield code="a">La permacultura como aporte a la &#xE9;tica ecol&#xF3;gica /</subfield>
    <subfield code="c">Mar&#xED;a Eulalia Garc&#xED;a Mar&#xED;n</subfield>
  </datafield>
  <datafield tag="260" ind1="3" ind2=" ">
    <subfield code="a">:</subfield>
    <subfield code="b">,</subfield>
    <subfield code="c">2015.</subfield>
  </datafield>
  <datafield tag="300" ind1=" " ind2=" ">
    <subfield code="a">A&#xF1;o 2015, Nro 1, Enero-Junio, P&#xE1;g. 82-88.</subfield>
  </datafield>
  <datafield tag="504" ind1=" " ind2=" ">
    <subfield code="a">Incluye referencias bibliogr&#xE1;ficas (P&#xE1;g. 88).</subfield>
  </datafield>
  <datafield tag="520" ind1=" " ind2=" ">
    <subfield code="a">El concepto de permacultura fue ideado por Bill Mollison y David Holmgren (1978) y propone una manera de vivir en armon&#xED;a con la naturaleza, potenciando los recursos y generando excedentes, de la mano de una mentalidad de colaboraci&#xF3;n y no de competici&#xF3;n, desde la que se propone vivir con calidad.</subfield>
  </datafield>
  <datafield tag="650" ind1=" " ind2="4">
    <subfield code="a">Permacultura</subfield>
    <subfield code="9">36259</subfield>
  </datafield>
  <datafield tag="650" ind1=" " ind2="4">
    <subfield code="a">&#xC9;tica de la tierra</subfield>
    <subfield code="9">36260</subfield>
  </datafield>
  <datafield tag="650" ind1=" " ind2="4">
    <subfield code="a">Ecolog&#xED;a</subfield>
    <subfield code="x">&#xC9;tica</subfield>
    <subfield code="9">36261</subfield>
  </datafield>
  <datafield tag="773" ind1="0" ind2=" ">
    <subfield code="d">Caldas (Antioquia) :  Corporaci&#xF3;n Universitaria Lasallista,  2006- .</subfield>
    <subfield code="o">042058</subfield>
    <subfield code="t">Producci&#xF3;n m&#xE1;s limpia / </subfield>
    <subfield code="x">19090455</subfield>
  </datafield>
  <datafield tag="942" ind1=" " ind2=" ">
    <subfield code="2">z</subfield>
    <subfield code="c">ARTICULO</subfield>
  </datafield>
  <datafield tag="999" ind1=" " ind2=" ">
    <subfield code="c">17619</subfield>
    <subfield code="d">17619</subfield>
  </datafield>
</record>
